[Event "Las Palmas+"]
[Site "Las Palmas"]
[Date "2008.04.28"]
[Round "1"]
[White "Garcia Ramon, Ricardo"]
[Black "Vega Gutierrez, Belinda Vidina"]
[Result "0-1"]
[WhiteElo "2275"]
[BlackElo "2145"]
[PlyCount "47"]
[EventDate "2008.04.28"]
[EventType "tourn"]
[EventRounds "9"]
[EventCountry "ESP"]
[SourceTitle "CBM 124 Extra"]
[Source "ChessBase"]
[SourceDate "2008.07.03"]
[SourceVersion "1"]
[SourceVersionDate "2008.07.03"]
[SourceQuality "1"]

1. e4 e5 2. Nf3 Nc6 3. Nc3 Nf6 4. Bc4 Be7 5. d3 0-0 6. a3 d6 7. h3 Be6 8. Bxe6 fxe6 9. Qe2 Qe8 10. Bg5 Nh5 11. Be3 Qg6 12. Rg1 Nf4 13. Qd2 Nxg2+ 14. Kf1 Nxe3+ 15. Qxe3 Qh5 16. Rg3 Rf6 17. Kg2 Raf8 18. Rf1 Bd8 19. Nd1 Ne7 20. Qg5 Ng6 21. Kh2 Qxg5 22. Nxg5 Nh4 23. Rg4 Rh6 24. Rfg1 0-1

[Event "Aragon-chT"]
[Site "Aragon"]
[Date "2008.03.08"]
[Round "6"]
[White "Garcia Ramon, Ricardo"]
[Black "Arregui Untoria, Carlos"]
[Result "0-1"]
[WhiteElo "2118"]
[BlackElo "1925"]
[PlyCount "58"]
[EventDate "2008.02.02"]
[EventType "team-swiss"]
[EventRounds "12"]
[EventCountry "ESP"]
[SourceTitle "EXT 2011"]
[Source "ChessBase"]
[SourceDate "2010.11.26"]
[SourceVersion "1"]
[SourceVersionDate "2010.11.26"]
[SourceQuality "1"]

1. d4 Nf6 2. Nf3 e6 3. e3 d5 4. Bd3 Bd6 5. Ne5 Bxe5 6. dxe5 Nfd7 7. f4 c5 8. b3 Nc6 9. 0-0 a6 10. a4 b6 11. Nd2 Bb7 12. c3 f5 13. exf6 Qxf6 14. Bb2 Nb4 15. Bb1 0-0-0 16. e4 Nc6 17. e5 Qh6 18. Qe2 Rdf8 19. g3 g5 20. c4 gxf4 21. cxd5 fxg3 22. Rxf8+ Rxf8 23. hxg3 exd5 24. e6 Nf6 25. e7 Nxe7 26. Qxe7 Ng4 27. Qe2 Nf2 28. Nf3 d4 29. Bc1 Qh1+ 0-1

[Event "ESP Autonomico-chT"]
[Site "Spain"]
[Date "2006.02.25"]
[Round "4.57"]
[White "Garcia Ramon, Ricardo"]
[Black "Luis Vitalla, Fernando Maria"]
[Result "0-1"]
[WhiteElo "2112"]
[BlackElo "2203"]
[PlyCount "86"]
[EventDate "2006.02.04"]
[EventType "team"]
[EventRounds "9"]
[EventCountry "ESP"]
[SourceTitle "EXT 2007"]
[Source "ChessBase"]
[SourceDate "2006.11.23"]
[SourceVersion "1"]
[SourceVersionDate "2006.11.23"]
[SourceQuality "1"]

1. d4 d5 2. Nf3 Nf6 3. e3 c5 4. c3 e6 5. Bd3 Be7 6. 0-0 Nc6 7. Nbd2 0-0 8. Ne5 Nxe5 9. dxe5 Nd7 10. f4 f5 11. g4 Nb6 12. gxf5 exf5 13. b3 Be6 14. Bc2 d4 15. Nb1 dxe3 16. Qxd8 Raxd8 17. Bxe3 Nd5 18. Bd2 c4 19. bxc4 Bc5+ 20. Kg2 Nb6 21. Be1 Nxc4 22. Bf2 Ne3+ 23. Bxe3 Bxe3 24. Bb3 Kf7 25. Na3 Bc5 26. Nb5 Rd7 27. Rad1 Rfd8 28. Rxd7+ Rxd7 29. Rd1 Rxd1 30. Bxd1 Bxa2 31. Bf3 a6 32. Nc7 a5 33. Bxb7 a4 34. Na6 Be7 35. Nc7 a3 36. Nb5 Be6 37. Nxa3 Bxa3 38. Ba6 Bc5 39. Kg3 h6 40. Kh4 Be3 41. Kg3 g5 42. fxg5 hxg5 43. c4 Bf4+ 0-1

[Event "Autonomico-chT"]
[Site "Aragon"]
[Date "2005.04.02"]
[Round "9.58"]
[White "Serrano, Ricardo"]
[Black "Garcia Ramon, Ricardo"]
[Result "0-1"]
[WhiteElo "1640"]
[BlackElo "2132"]
[PlyCount "64"]
[EventDate "2005.01.22"]
[EventType "team"]
[EventRounds "12"]
[EventCountry "ESP"]
[SourceTitle "EXT 2006"]
[Source "ChessBase"]
[SourceDate "2005.11.24"]
[SourceVersion "1"]
[SourceVersionDate "2005.11.24"]
[SourceQuality "1"]

1. e4 c5 2. Nc3 Nc6 3. g3 e6 4. Bg2 Nge7 5. f4 d5 6. d3 g6 7. Nf3 Bg7 8. 0-0 0-0 9. Bd2 a6 10. Rb1 b5 11. a3 Qb6 12. Kh1 Bb7 13. Qe1 Nd4 14. Nxd4 cxd4 15. Na2 Rac8 16. Rc1 dxe4 17. Ba5 Qa7 18. Bxe4 f5 19. Bf3 Bxf3+ 20. Rxf3 Qd7 21. Qe2 Rfe8 22. Nb4 Nc6 23. Nxc6 Qxc6 24. Kg1 e5 25. fxe5 Rxe5 26. Qg2 Bh6 27. Bd2 Bxd2 28. Qxd2 Qxf3 29. Qd1 Re2 30. Qf1 Qxf1+ 31. Kxf1 Rexc2 32. Rxc2 Rxc2 0-1

[Event "Autonomico-chT"]
[Site "Aragon"]
[Date "2005.03.12"]
[Round "7.39"]
[White "Garcia Ramon, Ricardo"]
[Black "Velamazan Gomez, Angel"]
[Result "1/2-1/2"]
[WhiteElo "2132"]
[BlackElo "2021"]
[PlyCount "48"]
[EventDate "2005.01.22"]
[EventType "team"]
[EventRounds "12"]
[EventCountry "ESP"]
[SourceTitle "EXT 2006"]
[Source "ChessBase"]
[SourceDate "2005.11.24"]
[SourceVersion "1"]
[SourceVersionDate "2005.11.24"]
[SourceQuality "1"]

1. d4 d6 2. Nf3 Nf6 3. e3 g6 4. Bd3 Bg7 5. 0-0 0-0 6. b3 Nc6 7. a3 e5 8. Nbd2 Qe7 9. dxe5 Nxe5 10. Nxe5 dxe5 11. f3 e4 12. fxe4 Ng4 13. Ra2 Nxe3 14. Qf3 Nxf1 15. Nxf1 Be6 16. Bf4 Rad8 17. Qg3 Rd7 18. c4 Rfd8 19. Be2 b5 20. cxb5 Qc5+ 21. Kh1 Bd4 22. b4 Qe7 23. Rc2 Bb6 24. e5 Bf5 1/2-1/2

[Event "Autonomico-chT"]
[Site "Aragon"]
[Date "2005.03.05"]
[Round "6.27"]
[White "Valles Mata, David"]
[Black "Garcia Ramon, Ricardo"]
[Result "1-0"]
[WhiteElo "2100"]
[BlackElo "2132"]
[PlyCount "131"]
[EventDate "2005.01.22"]
[EventType "team"]
[EventRounds "12"]
[EventCountry "ESP"]
[SourceTitle "EXT 2006"]
[Source "ChessBase"]
[SourceDate "2005.11.24"]
[SourceVersion "1"]
[SourceVersionDate "2005.11.24"]
[SourceQuality "1"]

1. e4 Nf6 2. e5 Nd5 3. d4 d6 4. exd6 exd6 5. c4 Nb6 6. Nc3 Be7 7. Nf3 Bg4 8. b3 Nc6 9. Be2 Bf6 10. Be3 0-0 11. 0-0 Re8 12. Re1 a5 13. Qd2 a4 14. d5 Na5 15. Rab1 axb3 16. axb3 Bxf3 17. Bxf3 Naxc4 18. bxc4 Nxc4 19. Qc1 Ne5 20. Be2 Qc8 21. Nb5 Re7 22. Na7 Qb8 23. Nc6 Nxc6 24. dxc6 b6 25. Bg4 Qa7 26. Bd7 d5 27. Bf4 d4 28. Rxe7 Bxe7 29. Be5 b5 30. Rxb5 Qa4 31. Rb1 d3 32. Bxc7 Ba3 33. Qd1 Qe4 34. Bg3 d2 35. c7 Bb4 36. c8Q+ Rxc8 37. Bxc8 Qe1+ 38. Qxe1 dxe1Q+ 39. Rxe1 Bxe1 40. Kf1 Bc3 41. Ke2 g6 42. Kd3 Ba5 43. Be5 f5 44. Be6+ Kf8 45. Bf6 Bc7 46. h3 h6 47. Kc4 Bb6 48. Bd4 Bc7 49. Bf6 Bb6 50. f3 Be3 51. Kd5 Bd2 52. Kd6 Bb4+ 53. Kd7 Bc5 54. Bd5 Bb4 55. Be5 Bd2 56. Ke6 Kg8 57. Kf6+ Kh7 58. Be6 Bg5+ 59. Kf7 Bd8 60. Kf8 h5 61. f4 h4 62. Bg7 Be7+ 63. Kxe7 Kxg7 64. Bf7 Kh7 65. Kf6 Kh6 66. Be8 1-0

[Event "Autonomico-chT"]
[Site "Aragon"]
[Date "2005.02.26"]
[Round "5.42"]
[White "Gonzalez Gambau, Jorge"]
[Black "Garcia Ramon, Ricardo"]
[Result "1-0"]
[WhiteElo "1991"]
[BlackElo "2132"]
[PlyCount "51"]
[EventDate "2005.01.22"]
[EventType "team"]
[EventRounds "12"]
[EventCountry "ESP"]
[SourceTitle "EXT 2006"]
[Source "ChessBase"]
[SourceDate "2005.11.24"]
[SourceVersion "1"]
[SourceVersionDate "2005.11.24"]
[SourceQuality "1"]

1. e4 g6 2. d4 Bg7 3. Nc3 c5 4. Nf3 cxd4 5. Nxd4 Nc6 6. Be3 Nf6 7. f3 0-0 8. Qd2 d6 9. 0-0-0 Nxd4 10. Bxd4 Be6 11. Kb1 a6 12. g4 b5 13. h4 b4 14. Nd5 Bxd5 15. exd5 Qa5 16. Be3 Rab8 17. h5 Rfc8 18. hxg6 hxg6 19. Bh6 Bh8 20. Be2 Rc5 21. Bf8 Rxf8 22. Rxh8+ Kxh8 23. Qh6+ Kg8 24. Rh1 Nh5 25. gxh5 b3 26. axb3 1-0

[Event "Aragon-chT"]
[Site "Spain"]
[Date "2004.03.06"]
[Round "6"]
[White "Fernando Gros, Jorge Luis"]
[Black "Garcia Ramon, Ricardo"]
[Result "0-1"]
[WhiteElo "2086"]
[BlackElo "2145"]
[PlyCount "72"]
[EventDate "2004.01.??"]
[EventType "team"]
[EventRounds "11"]
[EventCountry "ESP"]
[SourceTitle "EXT 2006"]
[Source "ChessBase"]
[SourceDate "2005.11.24"]
[SourceVersion "1"]
[SourceVersionDate "2005.11.24"]
[SourceQuality "1"]

1. d4 d5 2. Nf3 Nf6 3. c4 dxc4 4. Nc3 c6 5. a4 Bf5 6. e3 e6 7. Bxc4 Nbd7 8. 0-0 Be7 9. Re1 Nb6 10. Bb3 Ne4 11. Ne5 Nd5 12. Nxe4 Bxe4 13. f3 Bg6 14. e4 Nf6 15. Be3 0-0 16. Qd2 a5 17. Qf2 Bb4 18. Red1 Qe7 19. Bg5 h6 20. Bxf6 gxf6 21. Nd3 Bd6 22. Qh4 Kg7 23. Nf2 f5 24. Qh3 Qg5 25. Bc2 f4 26. Bb3 Rad8 27. Kh1 Rfe8 28. Ng4 h5 29. Nf2 Bc7 30. Rd2 Bb6 31. Rad1 Rd6 32. g3 Red8 33. gxf4 Qxf4 34. Nd3 Qe3 35. Ne5 Qxb3 36. Rd3 Rxd4 0-1

[Event "Aragon-chT"]
[Site "Spain"]
[Date "2004.02.28"]
[Round "?"]
[White "Ferreruela Romero, Jose Joaquin"]
[Black "Garcia Ramon, Ricardo"]
[Result "1-0"]
[WhiteElo "1920"]
[BlackElo "2145"]
[PlyCount "103"]
[EventDate "2004.01.??"]
[EventType "team"]
[EventRounds "11"]
[EventCountry "ESP"]
[SourceTitle "EXT 2006"]
[Source "ChessBase"]
[SourceDate "2005.11.24"]
[SourceVersion "1"]
[SourceVersionDate "2005.11.24"]
[SourceQuality "1"]

1. d4 f5 2. Nf3 Nf6 3. g3 e6 4. Bg2 Be7 5. 0-0 0-0 6. c4 c6 7. Nc3 d5 8. cxd5 exd5 9. Rb1 Na6 10. Bf4 Ne4 11. Be5 Nc7 12. e3 Ne6 13. Qc2 Qe8 14. b4 Qh5 15. b5 g5 16. bxc6 bxc6 17. Ne1 Ba6 18. Nd3 Rac8 19. Rfd1 Bf6 20. Bxf6 Rxf6 21. h3 Qe8 22. Na4 h5 23. Nac5 Bxd3 24. Nxd3 h4 25. gxh4 gxh4 26. Rb7 Rf7 27. Rdb1 Rxb7 28. Rxb7 Rc7 29. Rxc7 Nxc7 30. Ne5 c5 31. Bxe4 dxe4 32. Qxc5 Ne6 33. Qc6 Qe7 34. Kf1 Qf6 35. Qe8+ Kg7 36. Qd7+ Kg8 37. Qd5 Kg7 38. Nd7 Qe7 39. Qe5+ Kg6 40. Qxe6+ Qxe6 41. Nf8+ Kf6 42. Nxe6 Kxe6 43. Ke2 Kd5 44. f3 Kc4 45. f4 a6 46. Kd2 Kb4 47. Kc2 a5 48. Kb2 Kc4 49. Ka3 Kd3 50. d5 Kxe3 51. d6 Kf2 52. d7 1-0

[Event "Aragon-chT"]
[Site "Spain"]
[Date "2004.??.??"]
[Round "?"]
[White "Garcia Ramon, Ricardo"]
[Black "Gomez Luesia, Jesus C"]
[Result "0-1"]
[WhiteElo "2145"]
[BlackElo "2234"]
[PlyCount "130"]
[EventDate "2004.01.??"]
[EventType "team"]
[EventRounds "11"]
[EventCountry "ESP"]
[SourceTitle "EXT 2006"]
[Source "ChessBase"]
[SourceDate "2005.11.24"]
[SourceVersion "1"]
[SourceVersionDate "2005.11.24"]
[SourceQuality "1"]

1. Nc3 e6 2. f4 d5 3. e3 Nf6 4. Nf3 Bc5 5. d3 0-0 6. Be2 Nbd7 7. 0-0 c6 8. Ne5 Qc7 9. d4 Bd6 10. g4 Ne4 11. Nxe4 dxe4 12. Nc4 Be7 13. Nd2 f5 14. g5 c5 15. c3 cxd4 16. cxd4 Nb6 17. Rf2 Bd7 18. Nf1 Rac8 19. Bd2 Nd5 20. Rc1 Qb6 21. b3 Ba3 22. Rxc8 Rxc8 23. Bc4 Bb5 24. g6 Bxc4 25. bxc4 Rxc4 26. gxh7+ Kxh7 27. Qh5+ Kg8 28. Qe8+ Bf8 29. Rg2 Qc6 30. Qb8 a6 31. Qe5 Qd7 32. Rg6 Kf7 33. Rg5 Nf6 34. Be1 Bd6 35. Qa5 Qc7 36. Qxc7+ Bxc7 37. Rg2 Nd5 38. Rb2 b5 39. Kf2 Bd8 40. Bd2 Be7 41. Ba5 Ba3 42. Re2 Ra4 43. Be1 Bb4 44. Rc2 Bxe1+ 45. Kxe1 Nb4 46. Rc7+ Kg6 47. h4 Nd3+ 48. Kd1 Rxa2 49. Ng3 Nb4 50. h5+ Kf6 51. h6 gxh6 52. Nh5+ Kg6 53. Ng7 Nd5 54. Ra7 Nxe3+ 55. Kc1 Rc2+ 56. Kb1 Rc6 57. Ne8 Nd5 58. Rg7+ Kh5 59. Rg1 Nxf4 60. Ng7+ Kh4 61. Rh1+ Nh3 62. d5 exd5 63. Nxf5+ Kg5 64. Ne7 Rc3 65. Nxd5 Rb3+ 0-1

[Event "Aragon op"]
[Site "Aragon"]
[Date "2002.??.??"]
[Round "4"]
[White "Gimeno Oteo, Marco Antonio"]
[Black "Garcia Ramon, Ricardo"]
[Result "1/2-1/2"]
[WhiteElo "2174"]
[BlackElo "2065"]
[PlyCount "86"]
[EventDate "2002.??.??"]
[EventType "swiss"]
[EventRounds "9"]
[EventCountry "ESP"]
[SourceTitle "EXT 2007"]
[Source "ChessBase"]
[SourceDate "2006.11.23"]
[SourceVersion "1"]
[SourceVersionDate "2006.11.23"]
[SourceQuality "1"]

1. e4 Nf6 2. e5 Nd5 3. d4 d6 4. c4 Nb6 5. f4 dxe5 6. fxe5 Nc6 7. Be3 Bf5 8. Nc3 e6 9. Nf3 Bb4 10. Be2 0-0 11. 0-0 Bxc3 12. bxc3 Na5 13. Bg5 Qd7 14. c5 Nd5 15. Qd2 Qa4 16. Nh4 Nc4 17. Bxc4 Qxc4 18. Nxf5 exf5 19. Rac1 f6 20. exf6 Nxf6 21. Bxf6 Rxf6 22. Rce1 Raf8 23. Qc2 f4 24. Rf3 Re6 25. Rxe6 Qxe6 26. Qb3 Qxb3 27. axb3 g5 28. Kf2 g4 29. Rd3 Kf7 30. d5 Ke7 31. Rd4 Rf5 32. Re4+ Kd7 33. c4 a5 34. Re6 h5 35. h3 f3 36. hxg4 hxg4 37. Rg6 fxg2+ 38. Kxg2 Rf3 39. Rg7+ Kd8 40. Rg8+ Kd7 41. Rg7+ Kd8 42. d6 cxd6 43. Rxb7 dxc5 1/2-1/2

[Event "Aragon-ch Absoluto"]
[Site "Zaragoza"]
[Date "2001.11.10"]
[Round "5"]
[White "Melendez Fierro, Juan Bautista"]
[Black "Garcia Ramon, Ricardo"]
[Result "1-0"]
[WhiteElo "2185"]
[BlackElo "2157"]
[PlyCount "59"]
[EventDate "2001.10.20"]
[EventType "swiss"]
[EventRounds "9"]
[EventCountry "ESP"]
[SourceTitle "EXT 2003"]
[Source "ChessBase"]
[SourceDate "2002.11.25"]
[SourceVersion "1"]
[SourceVersionDate "2002.11.25"]
[SourceQuality "1"]

1. e4 e5 2. Nf3 Nc6 3. Bb5 Nf6 4. 0-0 Nxe4 5. d4 Nd6 6. dxe5 Nxb5 7. a4 Nd6 8. exd6 Bxd6 9. Re1+ Be7 10. Nc3 0-0 11. Nd5 Bf6 12. Ra3 d6 13. Nxf6+ Qxf6 14. Bg5 Qxb2 15. Rb3 Qa2 16. Nd4 Nxd4 17. Qxd4 Bf5 18. Rg3 Rfe8 19. Be7 Bg6 20. h4 h5 21. Rc3 Qb2 22. Ree3 Qb6 23. Qc4 Qc5 24. Qb3 Qf5 25. Rxc7 d5 26. Qxb7 Rab8 27. Qxa7 Rb1+ 28. Kh2 Qxf2 29. Rf3 Qg1+ 30. Qxg1 1-0

[Event "Aragon-ch Absoluto"]
[Site "Zaragoza"]
[Date "2001.11.03"]
[Round "4"]
[White "Garcia Ramon, Ricardo"]
[Black "Roche Simon, Manuel Angel"]
[Result "0-1"]
[WhiteElo "2157"]
[BlackElo "2219"]
[PlyCount "76"]
[EventDate "2001.10.20"]
[EventType "swiss"]
[EventRounds "9"]
[EventCountry "ESP"]
[SourceTitle "EXT 2003"]
[Source "ChessBase"]
[SourceDate "2002.11.25"]
[SourceVersion "1"]
[SourceVersionDate "2002.11.25"]
[SourceQuality "1"]

1. c4 c5 2. Nf3 Nc6 3. Nc3 g6 4. g3 Bg7 5. Bg2 e5 6. 0-0 Nge7 7. d3 0-0 8. Ne1 Rb8 9. f4 d6 10. Nc2 a6 11. a4 Nd4 12. Nxd4 exd4 13. Nd5 b6 14. e4 dxe3 15. Nxe3 b5 16. axb5 axb5 17. Ra7 Be6 18. Qe2 Re8 19. cxb5 Bd4 20. Bd2 Qb6 21. Ra5 Bd7 22. Rfa1 Nf5 23. Be4 Nxe3 24. Bxe3 d5 25. Bxd4 cxd4 26. Ra7 Bxb5 27. f5 Rxe4 28. Qf3 Re3 29. Qf4 Be8 30. fxg6 hxg6 31. h4 Rb7 32. Rxb7 Qxb7 33. Qxd4 Rxg3+ 34. Kh2 Rf3 35. Kg2 Rxd3 36. Qxd3 Qxb2+ 37. Kg3 Qxa1 38. Qxd5 Qe1+ 0-1

[Event "Aragon-ch Absoluto"]
[Site "Zaragoza"]
[Date "2001.??.??"]
[Round "6"]
[White "Garcia Ramon, Ricardo"]
[Black "Cebrian Valverde, Jose Antonio"]
[Result "1/2-1/2"]
[WhiteElo "2157"]
[BlackElo "2122"]
[PlyCount "168"]
[EventDate "2001.10.20"]
[EventType "swiss"]
[EventRounds "9"]
[EventCountry "ESP"]
[SourceTitle "EXT 2003"]
[Source "ChessBase"]
[SourceDate "2002.11.25"]
[SourceVersion "1"]
[SourceVersionDate "2002.11.25"]
[SourceQuality "1"]

1. d4 f5 2. Nf3 Nf6 3. e3 e6 4. Bd3 d5 5. 0-0 Bd6 6. b3 Qe7 7. Bb2 0-0 8. c4 c6 9. Qc1 Nbd7 10. cxd5 cxd5 11. Ba3 Ne4 12. Bxd6 Qxd6 13. Qa3 Ndf6 14. Qxd6 Nxd6 15. Na3 Bd7 16. Ne5 Rfc8 17. Rac1 Kf8 18. f3 Ke7 19. Rc5 a6 20. Rfc1 Rxc5 21. dxc5 Nf7 22. Nxd7 Kxd7 23. b4 Ne5 24. Be2 Nc6 25. Nc2 e5 26. a4 a5 27. b5 Nb4 28. Nxb4 axb4 29. b6 b3 30. Bb5+ Ke7 31. Rb1 Rc8 32. Rxb3 Rxc5 33. a5 Kd8 34. a6 bxa6 35. Bxa6 Nd7 36. Bd3 e4 37. Be2 Kc8 38. fxe4 dxe4 39. h4 Kb7 40. g4 g6 41. h5 Nxb6 42. hxg6 hxg6 43. gxf5 gxf5 44. Kf2 Kc7 45. Kg3 Nd5 46. Rb5 Rxb5 47. Bxb5 Kd6 48. Kf2 Ke5 49. Be2 Kd6 50. Bh5 Ke6 51. Be2 Kf6 52. Bc4 Ne7 53. Be2 Kg5 54. Bd1 Nc6 55. Bb3 Ne5 56. Bc2 Kh4 57. Bd1 Ng4+ 58. Ke2 Kg3 59. Bb3 Ne5 60. Be6 Kg4 61. Bb3 Nd3 62. Be6 Nc5 63. Bc4 Kg3 64. Bd5 Kg4 65. Bc4 Nd7 66. Be6 Nf6 67. Kf2 Nh7 68. Bd5 Ng5 69. Bc6 Nh3+ 70. Kg2 Ng5 71. Bd7 Nf3 72. Be6 Ne1+ 73. Kf2 Nd3+ 74. Kg2 Kg5 75. Bd5 Kf6 76. Bc4 Ke5 77. Kf1 Nb4 78. Ke2 Nd5 79. Bb3 Kd6 80. Kf2 Kc5 81. Ke2 Nc7 82. Kf2 Kb4 83. Bf7 Kc3 84. Bg6 Nd5 1/2-1/2

[Event "Las Palmas op"]
[Site "Las Palmas"]
[Date "1989.??.??"]
[Round "?"]
[White "Garcia, Gildardo"]
[Black "Garcia Ramon, Ricardo"]
[Result "1-0"]
[WhiteElo "2430"]
[BlackElo "2315"]
[PlyCount "39"]
[EventDate "1989.05.??"]
[EventType "swiss"]
[EventRounds "9"]
[EventCountry "ESP"]
[SourceTitle "EXT 1997"]
[Source "ChessBase"]
[SourceDate "1996.11.15"]
[SourceVersion "1"]
[SourceVersionDate "1996.11.15"]
[SourceQuality "1"]

1. e4 c5 2. Nf3 Nc6 3. d4 cxd4 4. Nxd4 e5 5. Nb5 d6 6. N1c3 a6 7. Na3 b5 8. Nab1 b4 9. Nd5 Nge7 10. c3 Rb8 11. Qa4 Bd7 12. Qxa6 Nxd5 13. exd5 Na5 14. cxb4 Rxb4 15. Bd2 Re4+ 16. Be2 Nc4 17. 0-0 Nxd2 18. Nxd2 Rd4 19. Nb3 Rxd5 20. Bc4 1-0